000 00449nam a2200181Ia 4500
001 7996
005 20260306160536.0
008 260306t2006||||xx |||||||||||||| ||spa||
041 _aESP
082 _a370
_bM28
100 _aMateo Andrés, Joan
_eAUT
245 0 _aLa evaluación educativa, su práctica y otras metáforas
260 _c2006
300 _a276 páginas :
_c20 cm.
650 _aGEN
654 _aCED
942 _cLIB
_dJUS
_fJUS
_2ddc
_n
999 _c7996
_d7996